| 000 | 01198nam a2200301 i 4500 | ||
|---|---|---|---|
| 001 | 106673 | ||
| 003 | ES-MaACL | ||
| 005 | 20250825062721.0 | ||
| 007 | t| | ||
| 008 | 061214e1995 sp a||||r 00|10bspa | ||
| 017 |
_aSS 808-1995 _bOficina Depósito Legal Guipúzcoa |
||
| 020 | _a84-920167-2-8 | ||
| 080 | _a78 Luis Mariano | ||
| 080 | _a929 Luis Mariano | ||
| 100 | 1 |
_aLópez Echevarrieta, Alberto, _d1945- _eaut _973617 |
|
| 245 | 1 | 0 |
_aLuis Mariano, entre el cine y la opereta / _cAlberto López Echevarrieta ; prólogo de Luis García Berlanga ; edición al cuidado de Natalia Tuduri |
| 260 |
_aDonostia-San Sebastián : _bFilmoteca Vasca, _c[1995] |
||
| 300 |
_a453 páginas : _bilustraciones ; _c24 cm |
||
| 600 | 0 | 7 |
_aLuis Mariano, _d1920-1970 _2embne _974695 |
| 655 | 0 |
_aBiografías _9176647 |
|
| 700 | 1 |
_aGarcía Berlanga, Luis, _d1921-2010 _eaui _9171047 |
|
| 700 | 1 |
_aTuduri Hernández, Natalia _epbl _9111640 |
|
| 710 | 2 |
_aFilmoteca Vasca _eedt _9242003 |
|
| 852 | 4 |
_aES-MaACL _cDEPO2 _fBiblioteca Jacinto Martínez Lacalle _hLegado Jacinto Martínez Lacalle _jE-11430 |
|
| 942 |
_2udc _cMONOGRAFIA _n0 |
||
| 999 |
_c106673 _d106673 |
||